000 00291nam a22001337a 4500
008 170720b xxu||||| |||| 00| 0 eng d
020 _a9780060175405
041 _aeng
080 _a2
100 _a24
101 _aTEO
245 _aTHE POISONWOOD BIBLE
_cKINGSOLVER, B
942 _2udc
_cBK
999 _c21656
_d21656